Pokémon - Attacken von Bojelin in KA/PU - Statistiken

Allgemein
  • Dieses Quiz wurde 2 mal gespielt
  • Das Durchschnittsergebnis liegt bei 24 aus 64
Antwortstatistiken
Antwort % Korrekt
Aquaknarre
100%
Aquawelle
100%
Biss
100%
Eisstrahl
100%
Eiszahn
100%
Heuler
100%
Knirscher
100%
Tackle
100%
Agilität
50%
Aquadurchstoß
50%
Ausdauer
50%
Blizzard
50%
Bodycheck
50%
Brüller
50%
Delegator
50%
Eishieb
50%
Eiskreisel
50%
Eissturm
50%
Erholung
50%
Felsgrab
50%
Fokusstoß
50%
Fußkick
50%
Hydropumpe
50%
Hyperstrahl
50%
Kalte Dusche
50%
Kaskade
50%
Lehmschelle
50%
Raub
50%
Regentanz
50%
Risikotackle
50%
Rollwende
50%
Ruckzuckhieb
50%
Schaufler
50%
Schutzschild
50%
Standpauke
50%
Surfer
50%
Tera-Ausbruch
50%
Überflutung
50%
Wasserring
50%
Wellentackle
50%
Bodyslam
0%
Doppelschlag
0%
Durchbruch
0%
Fassade
0%
Fußtritt
0%
Gigastoß
0%
Grimasse
0%
Kopfnuss
0%
Kratzfurie
0%
Lehmbrühe
0%
Metronom
0%
Nassschweif
0%
Power-Punch
0%
Protzer
0%
Rechte Hand
0%
Schlafrede
0%
Schleuder
0%
Schlitzer
0%
Stafette
0%
Sternschauer
0%
Verhöhner
0%
Wasserdüse
0%
Whirlpool
0%
Zornklinge
0%
Keine übereinstimmenden Quizze gefunden
Verteilung der Resultate
Anzahl Personen mit jedem Resultat
Perzentil nach korrekt beantworteten Fragen
Ihre Resultats-Entwicklung
Sie haben dieses Quiz noch nicht gespielt